[Event "Team Russia"]
[Site "Petergof"]
[Date "2015.08.07"]
[Round "7.5"]
[White "Drygalov, Andrey"]
[Black "Zenzera, Alexey"]
[Result "0-1"]
[WhiteElo "2309"]
[BlackElo "2446"]
[PlyCount "174"]
[EventDate "2015.08.??"]
[EventType "team-swiss"]
[WhiteClock "0:03:42"]
[BlackClock "0:08:13"]

1. Nf3 Nf6 2. c4 c5 3. g3 b6 4. Bg2 Bb7 5. O-O e6 6. b3 Be7 7. Bb2 O-O 8. e3 d5
9. Nc3 dxc4 10. bxc4 Nc6 11. d3 Nb4 12. Ne1 Bxg2 13. Kxg2 Qd7 14. a3 Nc6 15. f4
a6 16. Qf3 b5 17. cxb5 axb5 18. Nxb5 Na5 19. Nc3 Rab8 20. Rf2 Rb3 21. a4 c4 22.
Rd1 Bc5 23. Ne4 Nxe4 24. Qxe4 Bxe3 25. Qxe3 Qb7+ 26. Qe4 Rxb2 27. Qxb7 Rxb7 28.
Rc2 Rb4 29. dxc4 Nxc4 30. Kf2 Rxa4 31. Rd4 Nb6 32. Rxa4 Nxa4 33. Rc6 Rb8 34.
Nd3 Nb6 35. Ne5 Nd5 36. Rc2 g6 37. Ra2 Rb7 38. Rc2 Kg7 39. Re2 h6 40. Nc4 Rc7
41. Ne5 Nc3 42. Re1 Ra7 43. Rc1 Ra2+ 44. Kf3 Nd5 45. Rb1 Ra3+ 46. Kf2 Ra7 47.
Kf3 g5 48. fxg5 hxg5 49. Rb2 f6 50. Nc6 Ra3+ 51. Kf2 Kg6 52. Re2 e5 53. Rd2 Nc3
54. Kg2 g4 55. Ne7+ Kg5 56. Rf2 Ne4 57. Re2 Nd6 58. Nd5 Rd3 59. Nb4 Rd1 60. Nc2
Nf5 61. Kf2 Rc1 62. Rd2 Nd6 63. Re2 Nb5 64. Ke3 f5 65. Nb4 Nd4 66. Rb2 Nf3 67.
h4+ Kf6 68. Nd3 Rc3 69. Rb6+ Ke7 70. Ke2 e4 71. Nf4 Nd4+ 72. Kd2 Rxg3 73. Rb1
Rf3 74. Ng6+ Kf6 75. Rb6+ Kg7 76. Ne5 e3+ 77. Kd3 e2+ 78. Kd2 e1=Q+ 79. Kxe1
Re3+ 80. Kf2 Rxe5 81. h5 Ne6 82. Kg3 Re3+ 83. Kf2 f4 84. Rb5 Kf6 85. Kg2 Re2+
86. Kg1 g3 87. h6 Rh2 0-1

[Event "Team Russia"]
[Site "Petergof"]
[Date "2015.08.07"]
[Round "7.6"]
[White "Askerov, Marat"]
[Black "Drygalov, Sergey"]
[Result "0-1"]
[WhiteElo "2194"]
[BlackElo "2362"]
[PlyCount "172"]
[EventDate "2015.08.??"]
[EventType "team-swiss"]
[WhiteClock "0:03:44"]
[BlackClock "0:06:16"]

1. d4 d5 2. c4 c6 3. Nf3 Nf6 4. Qb3 dxc4 5. Qxc4 Bg4 6. Nbd2 e6 7. g3 Nbd7 8.
Bg2 Be7 9. Ne5 Bh5 10. Nxd7 Nxd7 11. O-O O-O 12. e4 Rc8 13. e5 Nb6 14. Qd3 Bg6
15. Ne4 c5 16. Be3 c4 17. Qd2 Nd5 18. Bg5 Bxe4 19. Bxe7 Qxe7 20. Bxe4 Rfd8 21.
Rac1 b5 22. f4 g6 23. h4 Qb4 24. Qxb4 Nxb4 25. Rfd1 Nd5 26. Bxd5 Rxd5 27. Kf2
b4 28. Ke3 Ra5 29. b3 c3 30. Rc2 Kf8 31. Kd3 Ra3 32. Rh1 Ke7 33. h5 Ra5 34. h6
Rd5 35. Ke4 Rcd8 36. Rd1 f5+ 37. Ke3 Kd7 38. a3 a5 39. axb4 axb4 40. Ra2 Rc8
41. Ra7+ Rc7 42. Rda1 Rb5 43. Kd3 Rbb7 44. R7a6 c2 45. Rc1 Rc3+ 46. Kd2 Rbc7
47. Rb6 Rxg3 48. Rxb4 Rg2+ 49. Kd3 Rf2 50. Rc4 Rb7 51. b4 Rf3+ 52. Kxc2 Rxf4
53. Kb3 g5 54. Ra1 Rf3+ 55. Kc2 Rh3 56. Ra8 Rxh6 57. Rg8 Rg6 58. Rh8 Rg7 59.
Kd3 Rc7 60. Rxc7+ Kxc7 61. Ke3 g4 62. Kf2 g3+ 63. Kg2 Kc6 64. Rd8 f4 65. Rf8
Rg4 66. b5+ Kxb5 67. d5 exd5 68. e6 f3+ 69. Rxf3 Re4 70. Rf6 Re3 71. Rh6 d4 72.
Rxh7 Rxe6 73. Kxg3 Kc4 74. Kf2 Kc3 75. Ra7 d3 76. Ra3+ Kc2 77. Ra2+ Kb3 78. Ra8
d2 79. Rd8 Kc2 80. Rc8+ Kd1 81. Rc7 Rf6+ 82. Kg2 Rf5 83. Rc8 Ke2 84. Re8+ Kd3
85. Rd8+ Ke3 86. Rd7 Rf4 0-1

[Event "Team Russia"]
[Site "Petergof"]
[Date "2015.08.07"]
[Round "7.7"]
[White "Salemgareev, Tagir"]
[Black "Chernyak, Viktoria"]
[Result "0-1"]
[WhiteElo "2050"]
[BlackElo "2276"]
[PlyCount "94"]
[EventDate "2015.08.??"]
[EventType "team-swiss"]
[WhiteClock "0:01:35"]
[BlackClock "0:16:50"]

1. d4 Nf6 2. c4 g6 3. Nc3 d6 4. e4 Bg7 5. Nf3 O-O 6. h3 Na6 7. Bg5 Qe8 8. g4 c6
9. Bg2 h6 10. Be3 e5 11. O-O exd4 12. Nxd4 Nc5 13. Qc2 a5 14. Rad1 Qe7 15. Nb3
Nxb3 16. axb3 h5 17. g5 Nd7 18. f4 Nc5 19. Bxc5 dxc5 20. e5 Bf5 21. Ne4 Rfd8
22. Qe2 Bxe4 23. Qxe4 a4 24. bxa4 Rxa4 25. Rd3 Ra2 26. Rfd1 Rxd3 27. Qxd3 Rxb2
28. h4 b5 29. Qa3 Rc2 30. Qa8+ Kh7 31. Qxc6 Rxc4 32. Rf1 b4 33. Bd5 Rc3 34. e6
fxe6 35. Bxe6 Qd8 36. Bd5 Rd3 37. Be4 Qd4+ 38. Kh1 Qd6 39. Qe8 Rh3+ 40. Kg2
Rxh4 41. Rd1 Rg4+ 42. Kh3 Qa6 43. Bd3 c4 44. Be4 Rxf4 45. Rd8 Rf8 46. Qe7 Rxd8
47. Qxd8 Qe6+ 0-1

[Event "Team Russia"]
[Site "Petergof"]
[Date "2015.08.07"]
[Round "7.8"]
[White "Styazhkina, Anna"]
[Black "Alekseeva, Irina"]
[Result "1-0"]
[WhiteElo "2262"]
[BlackElo "2141"]
[PlyCount "80"]
[EventDate "2015.08.??"]
[EventType "team-swiss"]
[WhiteClock "0:02:19"]
[BlackClock "0:23:12"]

1. e4 c5 2. Nf3 Nc6 3. d4 cxd4 4. Nxd4 e6 5. Nc3 Qc7 6. g3 a6 7. Bg2 d6 8. O-O
Nf6 9. Be3 Ne5 10. Qe2 Be7 11. Rad1 O-O 12. f4 Nc4 13. Bc1 Bd7 14. Kh1 Rac8 15.
b3 Na5 16. Bb2 b5 17. a3 Rfd8 18. e5 Ne8 19. exd6 Bxd6 20. Ne4 Bf8 21. Rd2 Nc6
22. Nf3 Ne7 23. Ne5 Nd5 24. Ng5 Nef6 25. Ngxf7 Re8 26. Ng5 Bd6 27. Rfd1 b4 28.
Nxd7 Qxd7 29. Bxf6 gxf6 30. Nxe6 Nc3 31. Rxd6 Qxe6 32. Qxe6+ Rxe6 33. Bd5 Nxd5
34. Rxe6 Nc3 35. Ra1 a5 36. axb4 axb4 37. Ra7 Nd5 38. Rd7 Nc3 39. Ree7 Nb5 40.
Rg7+ Kh8 1-0

[Event "Team Russia"]
[Site "Petergof"]
[Date "2015.08.07"]
[Round "7.9"]
[White "Shapiro, David"]
[Black "Savenkov, Konstantin"]
[Result "0-1"]
[WhiteElo "2292"]
[BlackElo "2296"]
[PlyCount "123"]
[EventDate "2015.08.??"]
[EventType "team-swiss"]
[WhiteClock "0:16:16"]
[BlackClock "0:09:09"]

1. d4 Nf6 2. Nf3 g6 3. Nc3 d5 4. Bf4 Bg7 5. e3 O-O 6. Be2 c5 7. Ne5 Be6 8. O-O
Nfd7 9. Bf3 cxd4 10. exd4 Nc6 11. Bxd5 Bxd5 12. Nxd5 Ndb8 13. Nc3 Nxd4 14. Ne2
Ne6 15. Qxd8 Rxd8 16. Rad1 Rc8 17. Bg3 Rxc2 18. Nf4 Bxe5 19. Nxe6 Nc6 20. Bxe5
Nxe5 21. Nd4 Rxb2 22. Rfe1 Rd8 23. h3 Nc4 24. a4 Ra2 25. Nb5 Rxd1 26. Rxd1 Rxa4
27. Rd7 Nd6 28. Nxd6 exd6 29. Rxb7 Kg7 30. Rd7 Ra6 31. f4 Kf6 32. Kf2 Ke6 33.
Rb7 Ra3 34. g4 a5 35. Ra7 a4 36. Ra5 Ra1 37. Kg3 a3 38. Kh4 h6 39. f5+ gxf5 40.
gxf5+ Kf6 41. Rd5 Ke7 42. Kh5 Rh1 43. Ra5 Rxh3+ 44. Kg4 Rd3 45. Kf4 Kf6 46. Ke4
Rb3 47. Ra6 Rb4+ 48. Kf3 Kxf5 49. Ra5+ Ke6 50. Rxa3 h5 51. Ra8 h4 52. Re8+ Kf5
53. Rd8 Rb3+ 54. Kg2 h3+ 55. Kh2 Rd3 56. Rf8 f6 57. Rd8 d5 58. Re8 Kf4 59. Re6
f5 60. Rd6 d4 61. Rd8 Ke4 62. Re8+ 0-1

[Event "Team Russia"]
[Site "Petergof"]
[Date "2015.08.07"]
[Round "7.10"]
[White "Yeletsky, Ivan"]
[Black "Gusarov, Aleksey"]
[Result "1-0"]
[WhiteElo "2338"]
[BlackElo "2003"]
[PlyCount "97"]
[EventDate "2015.08.??"]
[EventType "team-swiss"]
[WhiteClock "0:12:14"]
[BlackClock "0:00:33"]

1. d4 d5 2. c4 e6 3. Nc3 Nf6 4. cxd5 exd5 5. Bg5 Be7 6. e3 h6 7. Bh4 O-O 8. Bd3
c6 9. Nge2 Re8 10. O-O Nbd7 11. f3 Nf8 12. Qc2 Nh5 13. Bxe7 Rxe7 14. Qd2 Re8
15. e4 dxe4 16. fxe4 Qg5 17. Qxg5 hxg5 18. b4 Bg4 19. b5 Rad8 20. bxc6 bxc6 21.
Bc4 Ne6 22. d5 cxd5 23. exd5 Bxe2 24. Bxe2 Nef4 25. Bf3 Nf6 26. Rad1 g4 27.
Bxg4 N4xd5 28. Nxd5 Rxd5 29. Rxd5 Nxd5 30. Rc1 Re7 31. Bf3 Rc7 32. Rxc7 Nxc7
33. Kf2 Kf8 34. Ke3 Ke7 35. Kd4 Kd6 36. Kc4 Ne6 37. Bd5 Nf4 38. Bf3 Ne6 39. Kb5
Kc7 40. h4 f6 41. a3 Nd4+ 42. Kc5 Nf5 43. h5 Ne3 44. a4 Kd7 45. a5 Kc7 46. Kd4
Nf1 47. Kd5 Nd2 48. Ke6 Nc4 49. Kf7 1-0

[Event "Team Russia"]
[Site "Petergof"]
[Date "2015.08.07"]
[Round "7.11"]
[White "Serov, Danila"]
[Black "Smirnov, Timofey"]
[Result "1/2-1/2"]
[WhiteElo "1970"]
[BlackElo "2297"]
[PlyCount "103"]
[EventDate "2015.08.??"]
[EventType "team-swiss"]
[WhiteClock "0:06:25"]
[BlackClock "0:16:05"]

1. Nf3 Nf6 2. g3 b6 3. Bg2 Bb7 4. O-O e6 5. c4 Be7 6. b3 O-O 7. Bb2 c5 8. e3 d5
9. d3 Nc6 10. Nbd2 Qc7 11. a3 Rfd8 12. Qc2 Rac8 13. Rfd1 a6 14. Rac1 Qb8 15.
Qb1 Qa7 16. Qa1 Rd7 17. d4 dxc4 18. Nxc4 b5 19. Nce5 Nxe5 20. Nxe5 Rdc7 21.
Bxb7 Qxb7 22. dxc5 Rxc5 23. Bd4 Rxc1 24. Rxc1 Ne4 25. Qb1 Rxc1+ 26. Qxc1 Ng5
27. Qc6 Qxc6 28. Nxc6 Bxa3 29. b4 e5 30. Bc3 f6 31. Nb8 Ne4 32. Be1 Bb2 33.
Nxa6 Nd6 34. Kf1 e4 35. Ke2 Kf7 36. f3 exf3+ 37. Kxf3 Ke6 38. Ke2 Be5 39. Nc7+
Kd7 40. Nd5 Nc4 41. Kd3 Ke6 42. e4 f5 43. Nc3 Nd6 44. exf5+ Kxf5 45. Ne2 h5 46.
h3 Ke6 47. Nd4+ Kd5 48. Nf3 Ne4 49. Nxe5 Kxe5 50. Ke3 g5 51. h4 g4 52. Kd3
1/2-1/2

[Event "Team Russia"]
[Site "Petergof"]
[Date "2015.08.07"]
[Round "7.12"]
[White "Borisova, Ekaterina"]
[Black "Alieva, Alexandra"]
[Result "1-0"]
[WhiteElo "2004"]
[BlackElo "1963"]
[PlyCount "71"]
[EventDate "2015.08.??"]
[EventType "team-swiss"]
[WhiteClock "0:14:56"]
[BlackClock "0:05:12"]

1. e4 e5 2. Bc4 Nf6 3. d3 Bc5 4. Nf3 Nc6 5. O-O d6 6. h3 Ne7 7. Bb3 Ng6 8. c3
Bb6 9. Re1 O-O 10. Nbd2 Nh5 11. Nf1 Nhf4 12. d4 Qf6 13. Ng3 Nh4 14. Nxh4 Qxh4
15. Qf3 g5 16. Nf5 Bxf5 17. exf5 exd4 18. g3 Qh5 19. Qxh5 Nxh5 20. Bxg5 dxc3
21. g4 cxb2 22. Rab1 Ng7 23. Rxb2 Rfe8 24. Be7 Bd4 25. Rbe2 Be5 26. Bg5 Bc3 27.
Re7 Bxe1 28. Rxf7 Kh8 29. Bh6 Rg8 30. f6 Nf5 31. Bc2 Rg6 32. Bc1 Kg8 33. Rxc7
Nd4 34. Bxg6 Ne2+ 35. Kf1 Nxc1 36. Bxh7+ 1-0

[Event "Team Russia"]
[Site "Petergof"]
[Date "2015.08.07"]
[Round "7.13"]
[White "Minko, Vladimir"]
[Black "Triapishko, Olexandr"]
[Result "1/2-1/2"]
[WhiteElo "2268"]
[BlackElo "2459"]
[PlyCount "76"]
[EventDate "2015.08.??"]
[EventType "team-swiss"]

1. d4 Nf6 2. c4 g6 3. g3 Bg7 4. Bg2 d5 5. cxd5 Nxd5 6. Nf3 Nb6 7. O-O Nc6 8. e3
e5 9. Nc3 exd4 10. exd4 O-O 11. Bf4 Be6 12. Qc1 Bd5 13. Nxd5 Nxd5 14. Bh6 Qd6
15. Bxg7 Kxg7 16. Qc5 Rad8 17. Rad1 Rfe8 18. Qxd6 Rxd6 19. Ne5 Ndb4 20. Nxc6
bxc6 21. Rd2 Nxa2 22. Ra1 Nb4 23. Rxa7 Re7 24. h4 Red7 25. Rb7 c5 26. Rb5 Rxd4
27. Rxd4 Rxd4 28. Rxc5 Nd3 29. Rxc7 Nxb2 30. Bf1 Nd3 31. Bxd3 Rxd3 32. Rb7 h5
33. Rc7 Ra3 34. Rb7 Rd3 35. Rc7 Ra3 36. Rb7 Rd3 37. Rc7 Ra3 38. Rb7 Rd3 1/2-1/2

[Event "Team Russia"]
[Site "Petergof"]
[Date "2015.08.07"]
[Round "7.14"]
[White "Neznanov, Aleksandr"]
[Black "Maslov, Ivan"]
[Result "0-1"]
[WhiteElo "2058"]
[BlackElo "2264"]
[PlyCount "69"]
[EventDate "2015.08.??"]
[EventType "team-swiss"]

1. e4 Nf6 2. e5 Nd5 3. c4 Nb6 4. Nc3 d6 5. exd6 cxd6 6. d4 g6 7. Bd3 Bg7 8.
Nge2 O-O 9. O-O Nc6 10. Be3 e5 11. d5 Nb4 12. Rc1 Nxd3 13. Qxd3 Bf5 14. Ne4
Bxe4 15. Qxe4 f5 16. Qc2 f4 17. Bxb6 axb6 18. f3 Rxa2 19. Nc3 Ra6 20. Ne4 Bf6
21. b4 Be7 22. Ra1 Qc7 23. Ra2 Rc8 24. Rc1 Qd7 25. Rxa6 bxa6 26. Qa2 Qa7 27.
Kh1 Kg7 28. Qa1 Qb7 29. c5 bxc5 30. bxc5 Qxd5 31. Rd1 Qe6 32. cxd6 Bd8 33. Qxa6
Qd5 34. Qa7+ Rc7 35. Qxc7+ 0-1

[Event "Team Russia"]
[Site "Petergof"]
[Date "2015.08.07"]
[Round "7.15"]
[White "Voloshin, Pavel"]
[Black "Shemyakin, Valeriy"]
[Result "1/2-1/2"]
[WhiteElo "2053"]
[BlackElo "2091"]
[PlyCount "81"]
[EventDate "2015.08.??"]
[EventType "team-swiss"]

1. e4 d5 2. exd5 Qxd5 3. Nf3 Bg4 4. Be2 Nc6 5. d4 O-O-O 6. Be3 e5 7. c4 Qa5+ 8.
Bd2 Bb4 9. d5 Bxf3 10. Bxf3 Nd4 11. Nc3 Nf6 12. O-O Qc5 13. Be2 c6 14. Rc1 Kb8
15. a3 Bxc3 16. bxc3 Nxe2+ 17. Qxe2 Rhe8 18. Be3 Qd6 19. dxc6 Qxc6 20. Rb1 Rc8
21. Rb4 Ne4 22. Qc2 g6 23. Rfb1 Re7 24. f3 Nc5 25. Rb5 Na6 26. Qa4 Ka8 27. c5
Nc7 28. c4 Na6 29. Qa5 f5 30. Rd1 f4 31. Bf2 Rd7 32. Qe1 Re8 33. h3 Nb8 34. Rb2
Rxd1 35. Qxd1 e4 36. fxe4 Qxe4 37. Qd5 Nc6 38. Rd2 a6 39. Rd1 Qc2 40. Rf1 Rd8
41. Qf7 1/2-1/2

[Event "Team Russia"]
[Site "Petergof"]
[Date "2015.08.07"]
[Round "7.16"]
[White "Potapova, Margarita"]
[Black "Paramzina, Anastasya"]
[Result "0-1"]
[WhiteElo "2069"]
[BlackElo "2303"]
[PlyCount "110"]
[EventDate "2015.08.??"]
[EventType "team-swiss"]

1. e4 c5 2. Nf3 d6 3. d4 cxd4 4. Nxd4 Nf6 5. Nc3 a6 6. f4 Nbd7 7. Bd3 g6 8. O-O
Bg7 9. Nf3 O-O 10. Qe1 b5 11. e5 dxe5 12. fxe5 Ng4 13. Bf4 Bb7 14. e6 Qb6+ 15.
Kh1 fxe6 16. Bg5 Nde5 17. Be4 Nxf3 18. Bxf3 Bxf3 19. gxf3 Ne5 20. Kg2 Rf5 21.
Ne4 Nc4 22. Rd1 Rxg5+ 23. Nxg5 Ne3+ 24. Kh1 Nxd1 25. Qxd1 Qe3 26. Ne4 Be5 27.
c3 Rf8 28. Qd2 Qb6 29. Qg5 Qc7 30. Qh6 Bg7 31. Qh3 Rf5 32. Rd1 Be5 33. Rg1 Bf4
34. Rg4 Qc4 35. Qg2 Rd5 36. Qf2 Rd1+ 37. Rg1 Rxg1+ 38. Kxg1 Qxa2 39. Kg2 a5 40.
Kh3 Qd5 41. Qh4 g5 42. Qh5 Qf5+ 43. Kg2 Kf8 44. Qh6+ Kf7 45. Qh5+ Qg6 46. Qxg6+
Kxg6 47. Nc5 a4 48. Nd3 Bd6 49. h3 Kh5 50. Nf2 Bf4 51. Nd3 Kh4 52. Nf2 Bc1 53.
Nd3 Bxb2 54. Nxb2 a3 55. Nd3 a2 0-1

[Event "Team Russia"]
[Site "Petergof"]
[Date "2015.08.07"]
[Round "7.17"]
[White "Kukhmazov, Arsen"]
[Black "Gogin, Maksim"]
[Result "1-0"]
[WhiteElo "2426"]
[BlackElo "2183"]
[PlyCount "95"]
[EventDate "2015.08.??"]
[EventType "team-swiss"]

1. d4 Nf6 2. c4 c5 3. d5 b5 4. Qc2 bxc4 5. e4 d6 6. Bxc4 g6 7. Nf3 Bg7 8. O-O
O-O 9. h3 a5 10. Nc3 Ba6 11. Nb5 Nbd7 12. a4 Nb6 13. Be2 Nfd7 14. Rb1 Ne5 15.
Nd2 g5 16. b3 Qd7 17. Nc4 Nbxc4 18. bxc4 h6 19. f4 gxf4 20. Rxf4 Ng6 21. Rf5 e6
22. Rh5 Qe7 23. Bg4 f5 24. exf5 exf5 25. Be2 Rae8 26. Bf1 Bxb5 27. axb5 Qe5 28.
Kh1 Qg3 29. Bb2 Bxb2 30. Qxb2 Kh7 31. Qc2 Nf4 32. Rxf5 Qg6 33. g4 Re3 34. Qf2
Rxf5 35. gxf5 Qg3 36. Qxg3 Rxg3 37. Ra1 Kg7 38. Rxa5 Kf6 39. b6 Rg7 40. Ra7 Rg8
41. Rd7 Kxf5 42. Rxd6 Ke4 43. b7 Ke3 44. Rxh6 Kf2 45. Rf6 Kg3 46. d6 Re8 47. d7
Re1 48. Rxf4 1-0

[Event "Team Russia"]
[Site "Petergof"]
[Date "2015.08.07"]
[Round "7.18"]
[White "Zakharikov, Ivan"]
[Black "Afanasiev, Nikita"]
[Result "0-1"]
[WhiteElo "1971"]
[BlackElo "2281"]
[PlyCount "122"]
[EventDate "2015.08.??"]
[EventType "team-swiss"]

1. e4 d6 2. d4 g6 3. Nc3 Bg7 4. Nf3 a6 5. h3 b6 6. Bc4 e6 7. a4 Ne7 8. O-O h6
9. Be3 O-O 10. Qd2 Kh7 11. Rfe1 Bb7 12. Nh2 Nd7 13. Rad1 Re8 14. f3 d5 15. Bb3
Rc8 16. Ng4 h5 17. Nh6 Rf8 18. exd5 exd5 19. g4 c5 20. Ne2 h4 21. c3 cxd4 22.
cxd4 Rc4 23. Kg2 Qc7 24. Bf4 Qc6 25. Qe3 Qe6 26. Qxe6 fxe6 27. g5 e5 28. Bxc4
dxc4 29. dxe5 Nd5 30. Rxd5 Bxd5 31. Ng4 Nc5 32. Nf6+ Bxf6 33. gxf6 g5 34. Bh2
Nd3 35. Rd1 Be6 36. b3 Bxh3+ 37. Kg1 b5 38. axb5 axb5 39. Nd4 Nc5 40. bxc4 bxc4
41. Rc1 Nd3 42. Rb1 Kg6 43. Rb6 Ra8 44. f7+ Kxf7 45. e6+ Kg7 46. Rb1 Ra2 47.
Kh1 c3 48. Bd6 c2 49. Nxc2 Rxc2 50. e7 Bd7 51. Rb8 Re2 52. Kg1 h3 53. Rd8 Bc6
54. Rf8 h2+ 55. Bxh2 Rxe7 56. Rf5 Kg6 57. Rf8 Re1+ 58. Kg2 Re2+ 59. Kg1 g4 60.
Rg8+ Kf7 61. Rxg4 Bxf3 0-1

[Event "Team Russia"]
[Site "Petergof"]
[Date "2015.08.07"]
[Round "7.19"]
[White "Maksimov, Dmitri"]
[Black "Skafar, Darya"]
[Result "1-0"]
[WhiteElo "2307"]
[BlackElo "1974"]
[PlyCount "99"]
[EventDate "2015.08.??"]
[EventType "team-swiss"]

1. e4 d6 2. d4 Nf6 3. Bd3 e5 4. c3 d5 5. dxe5 Nxe4 6. Nf3 Nc6 7. O-O Bg4 8. Bf4
Nc5 9. Bb5 a6 10. Bxc6+ bxc6 11. Nbd2 Be7 12. Qc2 Ne6 13. Be3 O-O 14. Qa4 Bf5
15. Nd4 Nxd4 16. cxd4 Bd7 17. Qc2 Qb8 18. f4 g6 19. f5 Bxf5 20. Rxf5 gxf5 21.
Rf1 f6 22. Qxf5 Qc8 23. e6 Kh8 24. Rf3 Rg8 25. Rh3 Rg7 26. Bh6 Rg6 27. Bf8 Qxf8
28. Qxg6 Qg7 29. Qf5 Rg8 30. Rg3 Qh6 31. Rxg8+ Kxg8 32. Qf2 Qh5 33. Nf3 Qf5 34.
Qe2 Qb1+ 35. Kf2 Qe4 36. Qxe4 dxe4 37. Nh4 Bd6 38. g3 Kg7 39. Ke3 f5 40. Nxf5+
Kf6 41. e7 Bxe7 42. Nxe7 Kxe7 43. Kxe4 Ke6 44. b4 Kd6 45. g4 Ke6 46. g5 Kd6 47.
h4 Ke6 48. h5 Kd6 49. g6 hxg6 50. h6 1-0

[Event "Team Russia"]
[Site "Petergof"]
[Date "2015.08.07"]
[Round "7.20"]
[White "Solozhenkina, Elizaveta"]
[Black "Zakariadze, Irina"]
[Result "1-0"]
[WhiteElo "2052"]
[BlackElo "1822"]
[PlyCount "73"]
[EventDate "2015.08.??"]
[EventType "team-swiss"]

1. e4 c5 2. Nf3 g6 3. d4 Bg7 4. c4 cxd4 5. Nxd4 d6 6. Nc3 Nf6 7. Be2 Nbd7 8.
O-O O-O 9. Be3 Nc5 10. f3 Bd7 11. Rc1 a6 12. b4 Ne6 13. Nb3 Bc6 14. Nd5 Nd7 15.
f4 f5 16. exf5 gxf5 17. b5 axb5 18. cxb5 Bxd5 19. Qxd5 Rf6 20. Qxb7 Kh8 21. a4
Rf8 22. a5 Ndc5 23. Nxc5 Nxc5 24. Bxc5 dxc5 25. a6 Bd4+ 26. Kh1 Rf6 27. Qf3 Ra7
28. Rfd1 Qb6 29. Bc4 Rh6 30. h3 Rd6 31. Qh5 Rg6 32. Qxf5 e6 33. Qe4 Rag7 34.
Rc2 Qd6 35. f5 Rh6 36. Bxe6 Qb8 37. Rxd4 1-0

[Event "Team Russia"]
[Site "Petergof"]
[Date "2015.08.07"]
[Round "7.21"]
[White "Schekachikhin, Maksim"]
[Black "Morozov, Egor"]
[Result "0-1"]
[WhiteElo "2316"]
[BlackElo "2262"]
[PlyCount "78"]
[EventDate "2015.08.??"]
[EventType "team-swiss"]

1. d4 Nf6 2. c4 d6 3. Nf3 g6 4. Nc3 Bg7 5. e4 O-O 6. Be2 e5 7. Be3 Nc6 8. d5
Ne7 9. Nd2 Nd7 10. b4 f5 11. f3 b6 12. a4 fxe4 13. fxe4 h6 14. Nb3 g5 15. a5
Rb8 16. a6 Ng6 17. g3 Nf6 18. c5 Bh3 19. Nd2 Qd7 20. Rg1 Ng4 21. Bxg4 Bxg4 22.
Qa4 Qc8 23. Rc1 Bh5 24. Qa2 Qh3 25. cxd6 cxd6 26. Nc4 Rf3 27. Qg2 Qc8 28. Nd1
b5 29. Nxd6 Rxe3+ 30. Kd2 Rd3+ 31. Kxd3 Qxc1 32. Nc3 Qa3 33. Qh3 Qxb4 34. Qe6+
Kh7 35. Nf5 Qc4+ 36. Kd2 Rc8 37. Rc1 b4 38. Qd7 bxc3+ 39. Kc2 Qa2+ 0-1

[Event "Team Russia"]
[Site "Petergof"]
[Date "2015.08.07"]
[Round "7.22"]
[White "Yashmetov, Mikhail"]
[Black "Opanasenko, Mikhail"]
[Result "0-1"]
[WhiteElo "2183"]
[BlackElo "2043"]
[PlyCount "146"]
[EventDate "2015.08.??"]
[EventType "team-swiss"]

1. d4 Nf6 2. c4 e6 3. Nc3 Bb4 4. e3 c5 5. Bd3 Nc6 6. Nge2 d6 7. O-O Bxc3 8.
bxc3 e5 9. d5 Ne7 10. Ng3 h5 11. h4 Bg4 12. f3 Bd7 13. Qc2 Qc7 14. f4 Ng4 15.
f5 O-O-O 16. e4 f6 17. Qe2 g6 18. Bd2 Rdg8 19. Rf3 Kb8 20. Nf1 Qc8 21. Ng3 Qf8
22. Raf1 Qe8 23. Qe1 Rh7 24. fxg6 Nxg6 25. Nf5 Bxf5 26. Rxf5 Rhg7 27. Be2 Ne7
28. Bxg4 Rxg4 29. Rxf6 Rxg2+ 30. Kh1 Qa4 31. Bg5 Qc2 32. R1f2 Rxf2 33. Rxf2 Qd3
34. Qe3 Qxe3 35. Bxe3 Rg3 36. Bg5 Nc8 37. Rc2 Nb6 38. Rf2 Rxc3 39. Rf8+ Nc8 40.
Rh8 Rxc4 41. Rxh5 Rxe4 42. Rh8 c4 43. h5 c3 44. h6 c2 45. h7 Rh4+ 46. Kg2 Rh5
47. Kf2 Kc7 48. Ke2 b5 49. Kd2 Rh2+ 50. Kc1 Nb6 51. Be7 Nc4 52. Bh4 Rxh4 53.
Ra8 Kb6 54. h8=Q Rxh8 55. Rxh8 Ne3 56. Rc8 Nxd5 57. Kxc2 Nb4+ 58. Kc3 Nc6 59.
a3 Kc5 60. Kd3 a5 61. Kc3 d5 62. Rc7 e4 63. Rh7 b4+ 64. axb4+ axb4+ 65. Kc2 d4
66. Kb3 d3 67. Kb2 e3 68. Kc1 b3 69. Rh5+ Kc4 70. Rh8 e2 71. Kd2 b2 72. Rh1 Nd4
73. Rb1 Nf3+ 0-1

[Event "Team Russia"]
[Site "Petergof"]
[Date "2015.08.07"]
[Round "7.23"]
[White "Chernov, Maksim"]
[Black "Volkov, Roman"]
[Result "1/2-1/2"]
[WhiteElo "2047"]
[BlackElo "1928"]
[PlyCount "206"]
[EventDate "2015.08.??"]
[EventType "team-swiss"]

1. e4 e5 2. Nf3 Nc6 3. Bb5 a6 4. Ba4 Nf6 5. O-O Be7 6. Re1 b5 7. Bb3 d6 8. c3
O-O 9. h3 Bb7 10. d4 Re8 11. Nbd2 Bf8 12. a4 h6 13. Bc2 exd4 14. cxd4 Nb4 15.
Bb1 c5 16. d5 Nd7 17. Ra3 f5 18. exf5 Rxe1+ 19. Qxe1 Bxd5 20. Be4 Bxe4 21. Qxe4
Nf6 22. Qe6+ Kh8 23. Nh4 Nc2 24. Rg3 Nd4 25. Qe1 Qd7 26. Ne4 Nxe4 27. Qxe4 Re8
28. Ng6+ Kg8 29. Nxf8 Kxf8 30. Qd5 Ne2+ 31. Kh2 Nxg3 32. fxg3 bxa4 33. f6 Qe6
34. fxg7+ Kxg7 35. Qb7+ Re7 36. Qxa6 d5 37. Qxa4 d4 38. Qb5 c4 39. Qc5 Rd7 40.
Bd2 Qd5 41. Qb6 Rd6 42. Qc7+ Kg6 43. Qc8 Rc6 44. Qe8+ Kg7 45. Qe7+ Qf7 46. Qe4
Qf6 47. Qg4+ Kf7 48. Bb4 Ke8 49. Qh5+ Kd7 50. Qd5+ Kc8 51. Qg8+ Kb7 52. Qh7+
Kb6 53. Qg8 Kb5 54. Ba3 c3 55. Qb3+ Ka6 56. Qa4+ Kb7 57. Qb5+ Kc8 58. bxc3 dxc3
59. Qe2 c2 60. Bc1 Qe6 61. Qf3 Qc4 62. Qf8+ Kb7 63. Qg7+ Ka6 64. Qa1+ Kb6 65.
Qb2+ Qb5 66. Qd4+ Ka6 67. Qa1+ Qa5 68. Qd4 h5 69. Qd3+ Qb5 70. Qa3+ Qa5 71.
Qd3+ Kb7 72. Qb3+ Qb6 73. Qf7+ Qc7 74. Qxh5 Rc5 75. Qf3+ Qc6 76. Qb3+ Rb5 77.
Qf7+ Ka6 78. Qa2+ Ra5 79. Qb3 Rb5 80. Qa2+ Kb7 81. Qf7+ Kc8 82. Qg8+ Kd7 83.
Qf7+ Kc8 84. Qg8+ Kb7 85. Qf7+ Qc7 86. Qf3+ Qc6 87. Qf7+ Kb6 88. Be3+ Rc5 89.
Qb3+ Kc7 90. Qf7+ Kc8 91. Qg8+ Kb7 92. Qf7+ Ka6 93. Qf1+ Qb5 94. Qa1+ Kb7 95.
Bc1 Qb1 96. Qg7+ Rc7 97. Qg5 Rd7 98. Qf4 Rd1 99. Qf7+ Ka6 100. Qe6+ Ka5 101.
Qe5+ Ka4 102. Qe4+ Ka5 103. Qe5+ Ka4 1/2-1/2

[Event "Team Russia"]
[Site "Petergof"]
[Date "2015.08.07"]
[Round "7.24"]
[White "Dimitrova, Aleksandra"]
[Black "Petrochenko, Maria"]
[Result "1/2-1/2"]
[WhiteElo "2134"]
[BlackElo "1997"]
[PlyCount "96"]
[EventDate "2015.08.??"]
[EventType "team-swiss"]

1. e4 d5 2. exd5 Qxd5 3. Nc3 Qa5 4. d4 Nf6 5. Bd2 c6 6. Nf3 Bg4 7. Bc4 e6 8.
O-O Qc7 9. h3 Bxf3 10. Qxf3 Nbd7 11. Bb3 Bd6 12. Rad1 O-O 13. Ne2 c5 14. c3 c4
15. Bc2 Nd5 16. Ng3 Rfb8 17. Ne4 Bf8 18. Qh5 g6 19. Qf3 b5 20. b3 N7b6 21. Rfe1
Rc8 22. h4 b4 23. cxb4 c3 24. Bg5 Nxb4 25. Nf6+ Kh8 26. Be4 Rab8 27. h5 N4d5
28. Qh3 Nxf6 29. Bxf6+ Bg7 30. hxg6 fxg6 31. Qxe6 Re8 32. Bxg7+ Kxg7 33. Qh3
Rbc8 34. Rc1 Qf4 35. Qd3 Rc7 36. f3 Rec8 37. Rc2 Qd6 38. Rec1 Qb4 39. Kh2 a5
40. d5 Qd6+ 41. Kh1 Qf6 42. Rd1 Qd6 43. Qd4+ Kg8 44. Rd3 Nd7 45. Rdxc3 Qg3 46.
Rxc7 Qh4+ 47. Kg1 Qe1+ 48. Kh2 Qh4+ 1/2-1/2

[Event "Team Russia"]
[Site "Petergof"]
[Date "2015.08.07"]
[Round "7.25"]
[White "Shnajder, Mark"]
[Black "Kruzhilin, Aleksey"]
[Result "1-0"]
[WhiteElo "2027"]
[BlackElo "2141"]
[PlyCount "60"]
[EventDate "2015.08.??"]
[EventType "team-swiss"]

1. d4 Nf6 2. Nf3 e6 3. c4 b6 4. Nc3 Bb4 5. Bg5 h6 6. Bh4 Bb7 7. e3 g5 8. Bg3
Ne4 9. Qc2 h5 10. Bd3 f5 11. d5 Bxc3+ 12. bxc3 exd5 13. cxd5 Bxd5 14. Nd4 Qf6
15. f3 Nxg3 16. hxg3 f4 17. exf4 gxf4 18. O-O-O fxg3 19. Be4 Qf4+ 20. Kb1 Bxe4
21. Rhe1 Kd8 22. Rxe4 Qh6 23. Qd3 Kc8 24. Nf5 Qh7 25. Qd5 c6 26. Nd6+ Kc7 27.
Qe5 Na6 28. Nf7+ Kc8 29. Qxh8+ Qxh8 30. Nxh8 Kc7 1-0